Music Quiz

Random Music or Song Quiz

5-Track: Alternative Rock Quiz Stats

 Plays Quiz Updated Oct 31, 2018

Score 0/25 Timer 04:00
10 Plays Today
% Correct
Smells Like Teen Spirit
96.8%
Come as You Are
91.7%
Under the Bridge
88.8%
Dani California
86.9%
Heart-Shaped Box
86.3%
Give It Away
86.2%
Lithium
86%
Jeremy
84.5%
Even Flow
79.8%
All Apologies
79.5%
Alive
79.4%
1979
78.6%
Bullet with Butterfly Wings
77.3%
% Correct
Suck My Kiss
76.6%
Interstate Love Song
74.2%
Tonight, Tonight
73%
Daughter
72.8%
Plush
68.4%
Trippin' on a Hole in a Paper Heart
62.6%
Big Empty
61.2%
Breaking the Girl
60.3%
Today
60%
Wicked Garden
58.1%
Disarm
57.6%
Given To Fly
43%

You're not logged in!

Compare scores with friends on all Sporcle quizzes.
OR
Log In

Sporcle TV

Today on Sporcle TV


Watch our educational content, quiz creation guides, and fun videos on Sporcle TV.

Show Comments

Extras

Top Quizzes Today


Score Distribution

Your Account Isn't Verified!

In order to create a playlist on Sporcle, you need to verify the email address you used during registration. Go to your Sporcle Settings to finish the process.

Report this User

Report this user for behavior that violates our Community Guidelines.

Details: